| 000 | 00715nam a22002297a 4500 | ||
|---|---|---|---|
| 005 | 20220114123457.0 | ||
| 008 | 220114b ||||| |||| 00| 0 eng d | ||
| 020 | _a9291230022 | ||
| 040 | _cAL | ||
| 041 | _aeng | ||
| 082 |
_223 _a341.734 _bMOTF |
||
| 100 |
_aKeith Motherson _913272 |
||
| 245 | _aFrom Hiroshima to the Hague: A Guide to the World Court Project | ||
| 260 |
_aGeneva _bInternational Peacwe Bureau _c1992 |
||
| 300 |
_a187 p. _bPB _c21x15 cm. |
||
| 650 |
_aInternational Law _913273 |
||
| 650 |
_aNuclear Warfare and the Law _913274 |
||
| 650 |
_aPotentials of the UN System _913275 |
||
| 650 |
_aMoblilising For Law and Peace _913276 |
||
| 700 |
_aMOTHERSON (Keith) _913277 |
||
| 942 |
_2ddc _cGF |
||
| 999 |
_c221189 _d221189 |
||